Great Literature #28 - Statistics

General Stats
  • This quiz has been taken 186 times
  • The average score is 11 of 20
Answer Stats
Hint Explanation Answer % Correct
Harry Potter and the Prisoner of Azkaban 1999 J. K. Rowling
100%
Uncle Tom’s Cabin 1852 Harriet Beecher Stowe
88%
Finnegan’s Wake 1939 James Joyce
83%
The Joy Luck Club 1989 Amy Tan
82%
The Spy Who Came in from the Cold 1963 John le Carré
81%
Life of Pi 2001 Yann Martel
77%
Silas Marner 1861 George Eliot
69%
Foundation 1951 Isaac Asimov
58%
Breakfast of Champions 1973 Kurt Vonnegut
54%
Lonesome Dove 1985 Larry McMurtry
50%
Housekeeping 1980 Marilynne Robinson
50%
The Posthumous Memoirs of Brás Cubas 1881 (Memórias Póstumas de Brás Cubas) Machado de Assis
42%
The Once and Future King 1958 T. H. White
42%
Giovanni’s Room 1956 James Baldwin
40%
Neuromancer 1984 William Gibson
36%
Labyrinths 1962 Jorge Luis Borges
34%
The Duino Elegies 1923 (Duineser Elegien) Rainer Maria Rilke
28%
The Sellout 2015 Paul Beatty
27%
Freedom 2010 Jonathan Franzen
23%
La Celestina 1499 (Tragicomedia de Calisto y Melibea) anonymous
22%
No matching quizzes found
Score Distribution
Percent of People with Each Score
Percentile by Number Answered
Your Score History
You have not taken this quiz